000 00452nam a2200217Ia 4500
003 IT-RoPAU
008 120407s9999 xx 000 0 und d
040 _aIT-RoPAU
040 _cIT-RoPAU
041 _aita
100 _aAlfonso De Liguori
100 _csan
245 _aApparecchio alla morte. 10.ed.
250 _aPescara
260 _aEdizioni Paoline
260 _c1965
300 _c cm
490 _v1
942 _cBK
999 _c128
_d128